UEFA Europa League Winners - Statistics

General Stats
  • This quiz has been taken 2,352 times
    2,001 since last reset
  • The average score is 28 of 50
Answer Stats
Year Winner % Correct
2006 Sevilla
92%
2007 Sevilla
92%
2014 Sevilla
92%
2015 Sevilla
92%
2016 Sevilla
92%
2020 Sevilla
92%
2017 Manchester United
91%
2013 Chelsea
90%
2019 Chelsea
90%
2010 Atlético Madrid
78%
2012 Atlético Madrid
78%
2018 Atlético Madrid
78%
1973 Liverpool
75%
1976 Liverpool
75%
2001 Liverpool
75%
1985 Real Madrid
74%
1986 Real Madrid
74%
1977 Juventus
72%
1990 Juventus
72%
1993 Juventus
72%
2021 Villareal
72%
1996 Bayern Munich
69%
2003 Porto
69%
2011 Porto
69%
1992 Ajax
66%
1972 Tottenham Hotspur
63%
1984 Tottenham Hotspur
63%
1978 PSV Eindhoven
57%
2004 Valencia
52%
1974 Feyenoord
49%
2002 Feyenoord
49%
1980 Eintracht Frankfurt
47%
1989 Napoli
44%
2000 Galatasaray
36%
1997 Schalke 04
35%
1995 Parma
30%
1999 Parma
30%
1975 Borussia Mönchengladbach
28%
1979 Borussia Mönchengladbach
28%
1983 Anderlecht
23%
2005 CSKA Moscow
22%
2008 Zenit St. Petersburg
20%
1991 Internazionale
18%
1994 Internazionale
18%
1998 Internazionale
18%
1981 Ipswich Town
17%
2009 Shakhtar Donetsk
17%
1988 Bayer Leverkusen
16%
1982 IFK Göteborg
14%
1987 IFK Göteborg
14%
No matching quizzes found
Score Distribution
Percent of People with Each Score
Percentile by Number Answered
Your Score History
You have not taken this quiz since the last reset